Представление документа в формате RUSMARC

ПолеНазваниеЗначение
  Тип записи a
  Библиографический уровень m
001 Контрольный номер RU/SLIB/B/208714027
005 Дата корректировки 20201206203921.7
010 Индекс ISBN __
d Цена 92-00
101 Язык документа 0_
a Язык текста rus
200 Заглавие и сведения об ответственности 1_
a Заглавие Школа бизнеса
b Общее обозначение материала Текст
210 Выходные данные __
a Место издания М.
c Издательство Станкин
d Дата издания 1992
215 Физическое описание __
a Объем 127 с.
c Иллюстрации/тип воспроизводства ил
606 Тематические рубрики __
a Основная рубрика Экономика
610 Ключевые слова __
a Ключевые слова банки; бизнес; брокеры; дилеры; рынки
686 Индексы других классификаций __
a Классификационный индекс 65.9(2Рос); ст65.9(2Рос)
700 Автор _1
a Фамилия Батурина
b Имя И. С.
4 Код отношения 070
701 Альтернативная интеллектуальная ответственность _1
a Фамилия Луков
b Имя В. В.
801 Источник записи _0
a Страна RU
b Организация Муниципальное бюджетное учреждение культуры "Централизованная библиотечная система" г. Сургут (Центральная городская библиотека им. А. С. Пушкина)
g Правила каталогизации Об/Показаньева Н.Н.
801 Источник записи _1
a Страна RU
b Организация Муниципальное бюджетное учреждение культуры "Централизованная библиотечная система" г. Сургут (Центральная городская библиотека им. А. С. Пушкина)
g Правила каталогизации Об/Показаньева Н.Н.
852 Данные о местонахождении __
j Шифр хранения 65.9(2Рос)
c Каталожный индекс 65.9(2Рос)
i Авторский знак Б 28
p Инвентарный номер 48830
901 Тип документа __
t Тип документа m
990 Данные о заказе (DOS) __
j Количество экземпляров (DOS) 1